00840nam a22001457a 450000500170000000800410001702000150005804100080007308000250008110000360010624502170014226400400035930000380039965302570043720231024163013.0231024s2005 ru ||||| |||| 00| 0 rus d a5020102717 arus a902/904+73(47) О-56 aОльховский, В. С. aМонументальная скульптура населения западной части евразийских степей эпохи раннего железа /cВ. С. Ольховский. aМосква :bНаука, c2005. a299 стр.:bилл. ;c27 см. aადრეული რკინის ხანის ევრაზიული სტეპების დასავლეთ ნაწილის მოსახლეობის მონუმენტური ქანდაკება